The intensive C course
Guardado en:
| Autor principal: | |
|---|---|
| Formato: | Libro |
| Lenguaje: | Undetermined |
| Publicado: |
England
Chartwell-Bratt
1988
|
| Materias: | |
| Etiquetas: |
Agregar Etiqueta
Sin Etiquetas, Sea el primero en etiquetar este registro!
|
| Thư viện lưu trữ: | Trung tâm Học liệu Trường Đại học Cần Thơ |
|---|
| LEADER | 00463nam a2200169Ia 4500 | ||
|---|---|---|---|
| 001 | CTU_5119 | ||
| 008 | 210402s9999 xx 000 0 und d | ||
| 082 | |a 005.133 | ||
| 082 | |b F234 | ||
| 100 | |a Mick Farmer | ||
| 245 | 4 | |a The intensive C course | |
| 245 | 0 | |c Mick Farmer | |
| 260 | |a England | ||
| 260 | |b Chartwell-Bratt | ||
| 260 | |c 1988 | ||
| 650 | |a programming languages ( electronic computers ) | ||
| 980 | |a Trung tâm Học liệu Trường Đại học Cần Thơ | ||